000 01134nam a2200241Ia 4500
003 Ost
005 20260507075535.0
008 260507s9999||||xx |||||||||||||| ||und||
020 _a9789770315624
040 _cfsecg
041 _aara
082 _a658
100 _aالهلباوى، خميس
_eمؤلف
245 0 _aفن وعلم إدارة المشروعات العالمية الناجحة الصغيرة والعملاقة تطويرا وارتقاء وتطبيقا /
_c خميس الهلباوى
260 _aالاسكندرية:
_bمنشاة المعارف,
_c2008
300 _a220 صفحة؛
_bإيضاحات ؛
_c24 سم
504 _aبيبليوغرافيا: ص.220
520 _aيضم النماذج الحديثة للسلوك الإداري، الإرتقاء والتطوير الحالي والتطبيق، التغيير الموجه في الإدارة، رؤية الدرجات والمستويات العليا والقيادة، نظرة إلى المستقبل
653 _aإدارة الأعمال
653 _aالمشروعات
653 _aدراسة الجدوى
942 _cكتاب
999 _c44837
_d44837